Представление документа в формате RUSMARC

ПолеНазваниеЗначение
  Тип записи a
  Библиографический уровень m
001 Контрольный номер RU/IS/BASE/433510491
005 Дата корректировки 20240209174505.9
010 Индекс ISBN __
a ISBN 978-5-699-52866-0
b Уточнения в пер.
d Цена 225 р. 50 к.
9 Тираж 3 100 экз.
100 Данные общей обработки __
a Данные общей обработки 20130926d2013 ||| 0rusy0189 ca
101 Язык документа 0_
a Язык текста rus
102 Страна публикации __
a Страна публикации RU
105 Кодированные данные (монография) __
a Кодированные данные (монография) y###||||000|y
200 Заглавие и сведения об ответственности 1_
a Заглавие Национальная Россия : Наши задачи
b Общее обозначение материала Текст
g Последующие сведения об ответственности по ред. О. А. Платоновой
210 Выходные данные 1_
a Место издания Москва
c Издательство ЭКСМО
c Издательство Алгоритм
d Дата издания 2011
215 Физическое описание __
a Объем 462, [1] с.
d Формат 20, 5 см.
225 Серия 0_
a Серия Монархист
300 Общие примечания __
a Общие примечания Ограничения по возрасту - 18+
606 Тематические рубрики 0_
a Основная рубрика История политической мысли
610 Ключевые слова 0_
a Ключевые слова философия
a Ключевые слова законы
a Ключевые слова публицистика
a Ключевые слова революция
a Ключевые слова строй государственный
a Ключевые слова диктатура
a Ключевые слова религия
686 Индексы других классификаций __
a Классификационный индекс 66.1(2)
2 Код системы ББК
700 Автор _1
a Фамилия Ильин
b Имя (инициалы) Иван Александрович
g Полное личное имя И. А.
801 Источник записи _0
a Страна RU
b Организация МБУК ЦБС г. Ульяновска
c Дата составления 20130926
g Правила каталогизации RCR
801 Источник записи _1
a Страна RU
b Организация МБУК ЦБС г. Ульяновска
c Дата составления 20130926
g Правила каталогизации RCR
899 Данные о местонахождении __
i Авторский знак И 46
j Расстановочный фильтр 66.1(2)
901 Тип документа __
t Тип документа m
910 Корректоры записи __
a Корректор записи Хисамова